Aspectos sociológicos de la asistencia técnica internacional en Costa Rica /
Critica la política de asistencia de asistencia técnica en Costa Rica y detalla sus implicaciones sociológicas, supone que la asistencia técnica no ha reflejado las reales necesidades del país, implícitas en los lineamientos del plan nacional de desarrollo 1974-78, considera la asistencia técnica en...
Bewaard in:
| Hoofdauteur: | |
|---|---|
| Formaat: | Thesis |
| Taal: | Spanish |
| Gepubliceerd in: |
San José :
|
| Onderwerpen: | |
| Tags: |
Voeg label toe
Geen labels, Wees de eerste die dit record labelt!
|
MARC
| LEADER | 00000 a a2200000 04500 | ||
|---|---|---|---|
| 001 | 17243 | ||
| 003 | cru CIDCACS/IIS | ||
| 005 | 20231129164321.0 | ||
| 008 | 231129b |||||||| |||| 00| 0 spa d | ||
| 040 | |a CRAI/IIS |c cru CIDCACS/IIS | ||
| 090 | |a 01.01.03 Q7a | ||
| 100 | |a Quiñones Corrales, Wilda Isaura | ||
| 245 | |a Aspectos sociológicos de la asistencia técnica internacional en Costa Rica / |c Wilda Isaura Quiñones Corrales | ||
| 260 | |a San José : | ||
| 300 | |a 96 p | ||
| 502 | |a Tesis (Licenciada en Sociología) -- UCR. FCS. Escuela de Ciencias del Hombre, 1975 | ||
| 520 | |a Critica la política de asistencia de asistencia técnica en Costa Rica y detalla sus implicaciones sociológicas, supone que la asistencia técnica no ha reflejado las reales necesidades del país, implícitas en los lineamientos del plan nacional de desarrollo 1974-78, considera la asistencia técnica en las relaciones interinstitucionales de dos estructuras: los gobiernos y organismos que brindan la asistencia y el gobierno que la recibe./ALLV | ||
| 650 | |a ASISTENCIA TECNICA | ||
| 650 | |a DESARROLLO ECONOMICO | ||
| 942 | |2 z |c LI |h 01.01.03 Q7a |i 09070 |6 010103_Q7A_09070 | ||
| 999 | |c 17963 |d 17963 | ||
